Responses for show #1224 - Thursday, December 21, 1989

Jeff Bandman game 3.

Contestants

Richard Boyce, a writer originally from Plattsburgh, New York

Mary Barry, a telemarketing manager originally from Kankakee, Illinois

Jeff Bandman, a lawyer from La Jolla, California (whose 2-day cash winnings total $16,602)

Jeopardy! Round responses

BRAZIL
SUPERSTITIONS
INTERNATIONAL AIRLINES
ACTORS & THEIR ROLES
QUOTES
CHRISTMAS CAROLS
    $100 13
Voting

Jeff
    $100 6
Ladder

Jeff
    $100 1
Qantas

Jeff
    $100 10
"Rhinoceros"

Jeff
    $100 12
Dead

Richard
    $100 20
"Joy To The World"

Jeff
    $200 15
Amazon River

Richard
    $200 7
Four-Leaf Clover

Richard
    $200 2
KLM

Jeff
    $200 25
Mark Hamill

Jeff
    $200 14
Win

Richard
    $200 21
(J: What is "The Little Drummer Boy?")

"The First Noel"

JeffRichard
    $300 16
Coffee

Jeff
    $300 8
Chimney Sweep

Richard
    $300 3
Olympic

Jeff
    $300 30
"Mack And Mabel"

Mary
    $300 17
Voltaire

Jeff
    $300 23
"O Little Town of Bethlehem"

Jeff
    $400 22
The Rain Forest

Jeff
    $400 9
13

Mary
    $400 4
Finnair

Jeff
    $400 28
Cheshire Cat

Richard
    $400 18
Soviet Union/Russia

Jeff
    $400 24
"Hark! The Herald Angels Sing"

Mary
    $500 29
Brasilia

Richard
    $500 11
(R: What is betray Christ?)
(M: What is drank from the cup the 13th time?)
(J: What is being the 13th person at the dinner table?)

He has spilled the salt

JeffMaryRichard
Triple Stumper
    $500 5
Singapore Airlines

Richard
    $500 27
Anthony Quinn

Mary
    $1,000 19
(in his "Liberty Or Death" speech)

Patrick Henry

Jeff
    $500 26
(less than a minute to go in the round...)

"We Three Kings (of Orient are)"

Mary

Scores at the first commercial break (after clue 16):

Jeff Mary Richard
$1,100 -$100 $1,000

Scores at the end of the Jeopardy! Round:

Jeff Mary Richard
$3,600 $1,600 $2,100

Double Jeopardy! Round responses

CLASSICAL LITERATURE
DANCERS
PRESIDENTIAL TRIVIA
FAMOUS PAIRS
GENETICS
POTPOURRI
    $200 6
(R: What is "The Iliad?")

"The Odyssey"

JeffRichard
    $200 11
Isadora Duncan

Richard
    $200 13
Dwight Eisenhower

Richard
    $200 1
(J: What is the cat & the bird?)

The Cat & the Canary

JeffMary
    $200 25
Alzheimer's Disease

Jeff
    $200 17
(A: Thank You!! - why do I do this?!)

Hog-Calling Contest

Jeff
    $400 7
Aurora, the goddess of dawn

Jeff
    $400 12
Fred Astaire

Jeff
    $400 18
Abraham Lincoln

Richard
    $400 2
Beck And Call

Jeff
    $400 27
identical twins

Mary
    $400 19
Bride

Richard
    $600 8
Virgil

Jeff
    $600 14
Swans

Richard
    $600 22
Harry Truman

Jeff
    $600 3
Far

Jeff
    $600 20
Chief Joseph

Richard
    $800 9
Electra

Jeff
    $800 15
Vera-Ellen

Triple Stumper
    $800 23
Jimmy Carter

Richard
    $800 4
(R: Who are Antony & Cleopatra?)
(M: Who are Romeo & Juliet?)
(A: Mary, looks like you remembered a second too late!)

Samson & Delilah

MaryRichard
Triple Stumper
    $1,200 29
[The end-of-round signal sounds.]
(Alex: There may be a change in scoring... we'll check during the break.)

cancer

Mary
    $800 21
(R: What is the....Glass Palace?)
(A: You were on the right track....)

Crystal Palace

JeffRichard
    $1000 10
Josephus

Richard
    $1000 16
Gelsey Kirkland

Richard
    $1000 26
(J: Who are James Madison & Monroe?)
(less than a minute to go in the round....)

Jefferson & Madison

Jeff
Triple Stumper
    $1,400 5
(Alex: Correct!)
(Jeff: And....)
[Audience applause]
(Alex: Stop there!...)

"Franny" & "Zooey"

Jeff
    $1000 28
(M: What are brain cells?)

Red Blood Cells

Mary
Triple Stumper
    $1000 24
Ukraine

Mary

Scores at the end of the Double Jeopardy! Round:

Jeff Mary Richard
$9,000 $2,600 $5,500

[wagering suggestions for these scores]

Final Jeopardy! Round responses

AWARDS
(Alex: By the way, folks, in that hog-calling contest I said 1959 instead of 1989; I was in error, I was all confused about giving the call. We'll see you tomorrow!)
MaryWhat is World War II?
$2,500
RichardWhat is the Vietnam War?
$5,500
JeffWhat is the Civil War?
$3,300
the Civil War

Final scores:

Jeff Mary Richard
$12,300 $100 $0
3-day champion: $28,902 2nd place: Trip to Freeport, Bahamas 3rd place: Regal Cookware Set

Game dynamics:

Coryat scores:

Jeff Mary Richard
$8,100 $2,200 $5,500
27 R
(including 2 DDs),
4 W
9 R
(including 1 DD),
3 W
18 R,
4 W

Combined Coryat: $15,800

The J! Archive is created by fans, for fans. Scraping, republication, monetization, and malicious use prohibited; this site may use cookies and collect identifying information. See terms. The Jeopardy! game show and all elements thereof, including but not limited to copyright and trademark thereto, are the property of Jeopardy Productions, Inc. and are protected under law. This website is not affiliated with, sponsored by, or operated by Jeopardy Productions, Inc. Join the discussion at JBoard.tv.